Statistics for Americano - Lady Gaga - All Lyrics

Click here to take the quiz!

General Stats

  • This quiz has been taken 13 times
  • The average score is 210 of 277

Answer Stats

Answer% Correct
a
100%
América
100%
Americano
100%
LA
100%
me,
100%
me
100%
no
100%
no,
100%
s-
100%
you
100%
but
92%
I
92%
In
92%
in
92%
la-la-la
92%
la-la-la)
92%
(La-la-la-la
92%
La-la-la-la
92%
the
92%
can
83%
(Don't
83%
Don't
83%
don't
83%
Don’t
83%
not
83%
oh
83%
On
83%
on
83%
We
83%
we
83%
If
75%
love
75%
your
75%
your)
75%
ah-ah-ah,
67%
Ah-ah-ah
67%
as
67%
East
67%
fell
67%
for
67%
for,
67%
girl
67%
how
67%
marry,
67%
met
67%
of
67%
try
67%
will
67%
catch
58%
Coast
58%
I’m
58%
May
58%
shorts
58%
to
58%
West
58%
(Won't
58%
won't
58%
care
50%
court
50%
law
50%
law,
50%
Living
50%
living
50%
mountains,
50%
She
50%
speak
50%
sweet
50%
chords
42%
die
42%
edge
42%
fight
42%
have
42%
language,
42%
Wednesday,
42%
Barrio
33%
eights
33%
floral
33%
sang
33%
two
33%
get
25%
cried
17%
fought
8%

Score Distribution

Percentile by Number Answered

Percent of People with Each Score

Your Score History

You have not taken this quiz